[Event "CHN Team Men 2016"]
[Site "Wuxi CHN"]
[Date "2016.07.28"]
[Round "1.1"]
[Board "2"]
[White "Li, Di"]
[Black "Zhao, Jun"]
[Result "1/2-1/2"]
[WhiteTitle "FM"]
[BlackTitle "GM"]
[WhiteElo "2426"]
[BlackElo "2622"]
[WhiteTeam "Chengdu"]
[BlackTeam "Shandong"]
[WhiteFideId "8607508"]
[BlackFideId "8602522"]
[EventDate "2016.07.28"]

1. Nf3 c5 2. g3 Nc6 3. Bg2 g6 4. d4 cxd4 5. Nxd4 Bg7 6. Nb3 Nf6 7. O-O O-O 8. e4
d6 9. h3 Bd7 10. Nc3 Rc8 11. Re1 Ne5 12. a4 Nc4 13. Ra2 Re8 14. Nd4 Qa5 15. Nde2
Qh5 16. Qd3 g5 17. g4 Qh4 18. Qg3 Qxg3 19. Nxg3 h6 20. Nf5 Bf8 21. f4 Nh7 22. b3
e6 23. Ng3 Na5 24. Nce2 Rc7 25. Bd2 b6 26. Rb1 Be7 27. c4 Nf8 28. Nh5 Nh7 29.
Bc3 gxf4 30. Nexf4 Rd8 31. Kh1 Bc6 32. Re2 Nb7 33. Nd5 Bxd5 34. exd5 e5 35. Bd2
Bg5 36. Bxg5 hxg5 37. Be4 Nc5 38. Bxh7+ Kxh7 39. Ng3 Nd3 1/2-1/2

[Event "CHN Team Men 2016"]
[Site "Wuxi CHN"]
[Date "2016.07.28"]
[Round "1.1"]
[Board "3"]
[White "Wen, Yang"]
[Black "Liu, Guanchu"]
[Result "1-0"]
[WhiteTitle "GM"]
[BlackTitle "IM"]
[WhiteElo "2611"]
[BlackElo "2366"]
[WhiteTeam "Shandong"]
[BlackTeam "Chengdu"]
[WhiteFideId "8602956"]
[BlackFideId "8603901"]
[EventDate "2016.07.28"]

1. d4 f5 2. Nf3 Nf6 3. Bg5 e6 4. Nbd2 Be7 5. c3 O-O 6. Bxf6 Bxf6 7. e4 d5 8.
exf5 exf5 9. Be2 Nc6 10. O-O f4 11. Ne1 Qd6 12. Bg4 g5 13. Nd3 Bg7 14. Re1 b6
15. Bxc8 Raxc8 16. Qh5 Qg6 17. Qxg6 hxg6 18. Re6 Rf6 19. Rae1 Rcf8 20. g4 fxg3
21. hxg3 Rxe6 22. Rxe6 Rf6 23. Re3 Bh6 24. Nf1 Nd8 25. Nh2 Bf8 26. Re8 Rd6 27.
Ne5 Ne6 28. Ra8 c5 29. Nhg4 1-0

[Event "CHN Team Men 2016"]
[Site "Wuxi CHN"]
[Date "2016.07.28"]
[Round "1.1"]
[Board "4"]
[White "Zhao, Yuanhe"]
[Black "Liu, Qingnan"]
[Result "0-1"]
[BlackTitle "GM"]
[WhiteElo "2328"]
[BlackElo "2507"]
[WhiteTeam "Chengdu"]
[BlackTeam "Shandong"]
[WhiteFideId "8609497"]
[BlackFideId "8603294"]
[EventDate "2016.07.28"]

1. d4 f5 2. Nc3 Nf6 3. Bg5 d5 4. Bxf6 exf6 5. e3 Be6 6. Bd3 Nc6 7. Nge2 Qd7 8.
a3 Ne7 9. b3 Bf7 10. Na4 g6 11. O-O h5 12. c4 Bh6 13. Rc1 O-O 14. g3 dxc4 15.
Bxc4 Nd5 16. Nc5 Qc6 17. Qd3 Nb6 18. Bxf7+ Rxf7 19. h4 Rd8 20. Rfd1 Nd5 21. Rc2
Re8 22. Kh2 Nxe3 23. fxe3 Rxe3 24. d5 Qe8 25. Qd2 Rfe7 26. Nd4 f4 27. Nce6 R3xe6
28. gxf4 Re3 0-1

[Event "CHN Team Men 2016"]
[Site "Wuxi CHN"]
[Date "2016.07.28"]
[Round "1.2"]
[Board "2"]
[White "Yu, Yangyi"]
[Black "Yu, Lie"]
[Result "1-0"]
[WhiteTitle "GM"]
[BlackTitle "IM"]
[WhiteElo "2734"]
[BlackElo "2321"]
[WhiteTeam "Beijing Beiao"]
[BlackTeam "Zhejiang Feiao"]
[WhiteFideId "8603820"]
[BlackFideId "8603715"]
[EventDate "2016.07.28"]

1. c4 c6 2. d4 d5 3. Nf3 Nf6 4. Nc3 dxc4 5. a4 Bf5 6. e3 e6 7. Bxc4 Bb4 8. O-O
O-O 9. Qe2 Bg4 10. h3 Bxf3 11. Qxf3 Nbd7 12. Rd1 Rc8 13. Na2 Bd6 14. Nc3 Qa5 15.
Ne2 e5 16. Ng3 Rfe8 17. Bd2 Bb4 18. Bxb4 Qxb4 19. b3 Nb6 20. Nf5 Nxc4 21. bxc4
exd4 22. Rab1 Qa3 23. Rxd4 Rcd8 24. Qg3 g6 25. Rxd8 Rxd8 26. Rxb7 Qc1+ 27. Kh2
Qxc4 28. Nh6+ Kg7 29. Nxf7 1-0

[Event "CHN Team Men 2016"]
[Site "Wuxi CHN"]
[Date "2016.07.28"]
[Round "1.2"]
[Board "3"]
[White "Xu, Minghui"]
[Black "Xiu, Deshun"]
[Result "1/2-1/2"]
[BlackTitle "GM"]
[WhiteElo "2305"]
[BlackElo "2557"]
[WhiteTeam "Zhejiang Feiao"]
[BlackTeam "Beijing Beiao"]
[WhiteFideId "8606790"]
[BlackFideId "8603693"]
[EventDate "2016.07.28"]

1. d4 Nf6 2. c4 e6 3. Nf3 d5 4. g3 Be7 5. Bg2 O-O 6. O-O dxc4 7. Qc2 a6 8. a4
Bd7 9. Qxc4 Bc6 10. Bg5 a5 11. Nc3 Ra6 12. Rad1 Rb6 13. Qa2 Rb4 14. b3 Bxf3 15.
Bxf3 Rxd4 16. Qc2 c6 17. Ne4 Na6 18. Rxd4 Qxd4 19. Rd1 Qe5 20. Bxf6 Bxf6 21. Rd7
Rb8 1/2-1/2

[Event "CHN Team Men 2016"]
[Site "Wuxi CHN"]
[Date "2016.07.28"]
[Round "1.2"]
[Board "4"]
[White "An, Yanlong"]
[Black "Lan, Zilun"]
[Result "0-1"]
[WhiteElo "2251"]
[BlackElo "2250"]
[WhiteTeam "Beijing Beiao"]
[BlackTeam "Zhejiang Feiao"]
[WhiteFideId "8615675"]
[BlackFideId "8604193"]
[EventDate "2016.07.28"]

1. c4 Nf6 2. Nc3 g6 3. g3 Bg7 4. Bg2 c5 5. Nf3 O-O 6. O-O Nc6 7. d4 d6 8. d5 Na5
9. Nd2 a6 10. Re1 Rb8 11. a4 Nd7 12. Qc2 Ne5 13. b3 Bd7 14. Bb2 Bh6 15. f4 Ng4
16. e4 e5 17. h3 Nf6 18. fxe5 dxe5 19. Nf3 Qb6 20. Ra3 Rbe8 21. Nd1 Qb4 22. Nf2
Nh5 23. Nd3 Qb6 24. Nfxe5 Bc8 25. b4 cxb4+ 26. c5 Qd8 27. Nxb4 Bg7 28. Ned3 Nxg3
29. Bxg7 Kxg7 30. Nf4 Qf6 31. Qf2 Nf5 32. Rf1 Qd4 33. Qxd4+ Nxd4 34. Rc3 f5 35.
Rd1 0-1

[Event "CHN Team Men 2016"]
[Site "Wuxi CHN"]
[Date "2016.07.28"]
[Round "1.3"]
[Board "2"]
[White "Mu, Ke"]
[Black "Xu, Jun"]
[Result "1-0"]
[BlackTitle "GM"]
[WhiteElo "2425"]
[BlackElo "2534"]
[WhiteTeam "Qingdao"]
[BlackTeam "Jiangsu Lvyang"]
[WhiteFideId "8602778"]
[BlackFideId "8600031"]
[EventDate "2016.07.28"]

1. c4 e5 2. g3 c6 3. Nf3 e4 4. Nd4 d5 5. cxd5 Qxd5 6. Nc2 Nf6 7. Bg2 Qh5 8. h3
Na6 9. Nc3 Qg6 10. Ne3 Bc5 11. Qa4 Bxe3 12. dxe3 Bf5 13. Qa3 h5 14. Bd2 Nd7 15.
O-O-O Nb6 16. Be1 Rd8 17. Rxd8+ Kxd8 18. g4 Re8 19. Rh2 Bd7 20. gxh5 Qh7 21. Qd6
f5 22. h4 Qxh5 23. Rh3 Re6 24. Qf8+ Qe8 25. Qxe8+ Bxe8 26. Rg3 Rf6 27. f3 exf3
28. Bxf3 Nc4 29. e4 fxe4 30. Nxe4 Ne5 31. Bg2 Nc7 32. Rg6 1-0

[Event "CHN Team Men 2016"]
[Site "Wuxi CHN"]
[Date "2016.07.28"]
[Round "1.3"]
[Board "3"]
[White "Lin, Chen"]
[Black "Wang, Tongsen"]
[Result "1-0"]
[WhiteTitle "GM"]
[WhiteElo "2519"]
[BlackElo "2309"]
[WhiteTeam "Jiangsu Lvyang"]
[BlackTeam "Qingdao"]
[WhiteFideId "8602298"]
[BlackFideId "8608067"]
[EventDate "2016.07.28"]

1. e4 c5 2. Nf3 d6 3. d4 cxd4 4. Nxd4 Nf6 5. Nc3 a6 6. g3 e5 7. Nde2 b5 8. Bg2
Bb7 9. O-O Be7 10. a4 b4 11. Nd5 Nxd5 12. exd5 a5 13. c3 bxc3 14. Nxc3 O-O 15.
Be3 Na6 16. Qd2 Nb4 17. Rfc1 Qd7 18. Na2 Nxa2 19. Rxa2 Rfc8 20. Rxc8+ Qxc8 21.
b3 Bd8 22. Rc2 Qd7 23. Bf1 Ba6 24. Bxa6 Rxa6 25. Qc3 Ra8 26. Qc6 Qxc6 27. Rxc6
Be7 28. Kf1 Kf8 29. Ke2 Ke8 30. Kd3 Kd7 31. Kc4 Bd8 32. Kb5 f5 33. h4 f4 34.
gxf4 Bxh4 35. Bb6 Bf6 36. Bxa5 exf4 37. Bb6 h5 38. a5 h4 1-0

[Event "CHN Team Men 2016"]
[Site "Wuxi CHN"]
[Date "2016.07.28"]
[Round "1.3"]
[Board "4"]
[White "Xu, Zhihang"]
[Black "Yu, Ruiyuan"]
[Result "0-1"]
[BlackTitle "GM"]
[WhiteElo "2206"]
[BlackElo "2501"]
[WhiteTeam "Qingdao"]
[BlackTeam "Jiangsu Lvyang"]
[WhiteFideId "8611572"]
[BlackFideId "8603090"]
[EventDate "2016.07.28"]

1. c4 e5 2. Nc3 Nf6 3. g3 Bb4 4. Qc2 O-O 5. Bg2 Re8 6. d3 c6 7. Bg5 d6 8. a3
Bxc3+ 9. Qxc3 Nbd7 10. Nf3 h6 11. Bxf6 Nxf6 12. h3 e4 13. dxe4 Nxe4 14. Qb3 Qa5+
15. Qb4 Qh5 16. g4 Qg6 17. Nd2 Nc5 18. Qc3 Qd3 19. Bf3 Qxc3 20. bxc3 f5 21.
O-O-O Be6 22. Rhg1 fxg4 23. hxg4 g5 24. Rh1 Kg7 25. Nf1 Rad8 26. Ne3 Rf8 27. Kc2
Rf6 28. Rd4 Kf7 29. Rh2 Ke7 30. Be4 Rh8 31. Bf5 Bf7 32. f4 Rg8 33. Bd3 Ne6 34.
Nf5+ Rxf5 35. gxf5 Nxd4+ 36. cxd4 h5 37. fxg5 Rxg5 38. e4 Kf6 39. c5 dxc5 40.
e5+ Ke7 41. dxc5 Rg4 42. Rf2 Be8 43. Kc3 h4 44. e6 Kf6 45. Be2 0-1

[Event "CHN Team Men 2016"]
[Site "Wuxi CHN"]
[Date "2016.07.28"]
[Round "1.4"]
[Board "2"]
[White "Lou, Yiping"]
[Black "Chu, Wei Chao"]
[Result "1/2-1/2"]
[WhiteTitle "IM"]
[BlackTitle "IM"]
[WhiteElo "2448"]
[BlackElo "2309"]
[WhiteTeam "Shanghai"]
[BlackTeam "Tianjing Chunhua"]
[WhiteFideId "8603928"]
[BlackFideId "8605661"]
[EventDate "2016.07.28"]

1. d4 Nf6 2. c4 g6 3. Nf3 Bg7 4. g3 O-O 5. Bg2 c5 6. O-O cxd4 7. Nxd4 Nc6 8. Nc3
Nxd4 9. Qxd4 d6 10. Bg5 h6 11. Bd2 Bf5 12. Qf4 Qc8 13. e4 Bh3 14. b3 Bxg2 15.
Kxg2 a6 16. Rac1 Qc6 17. Qf3 Rfe8 18. Bf4 Nd7 19. Rfd1 g5 20. Bd2 Ne5 21. Qe2 e6
22. h3 Rad8 23. Kh2 Ng6 24. Qd3 Ne5 25. Qe2 Ng6 26. Qd3 Ne5 27. Qe2 Ng6 28. Qd3
Ne5 29. Qe2 Ng6 1/2-1/2

[Event "CHN Team Men 2016"]
[Site "Wuxi CHN"]
[Date "2016.07.28"]
[Round "1.4"]
[Board "3"]
[White "Li, Yankai"]
[Black "Xu, Yi"]
[Result "1/2-1/2"]
[BlackTitle "FM"]
[WhiteElo "2234"]
[BlackElo "2396"]
[WhiteTeam "Tianjing Chunhua"]
[BlackTeam "Shanghai"]
[WhiteFideId "8609357"]
[BlackFideId "8605564"]
[EventDate "2016.07.28"]

1. d4 Nf6 2. c4 e6 3. Nf3 d5 4. Nc3 Bb4 5. Bg5 h6 6. Bxf6 Qxf6 7. Qb3 c5 8. cxd5
exd5 9. e3 O-O 10. dxc5 Bxc3+ 11. Qxc3 Qxc3+ 12. bxc3 Be6 13. Nd4 Rc8 14. Rb1
Nd7 15. c6 bxc6 16. Be2 c5 17. Nxe6 fxe6 18. c4 Rab8 19. Kd2 d4 20. f4 Nb6 21.
exd4 cxd4 22. Kd3 e5 23. Bg4 Rc5 24. fxe5 Rxe5 25. Kxd4 Rbe8 26. Bf3 Ra5 27.
Rhe1 Rd8+ 28. Kc3 Ra3+ 29. Rb3 Rxa2 30. Re7 Rdd2 1/2-1/2

[Event "CHN Team Men 2016"]
[Site "Wuxi CHN"]
[Date "2016.07.28"]
[Round "1.4"]
[Board "4"]
[White "Zhou, Junfeng"]
[Black "Zhao, Zhouqiao CHN"]
[Result "1/2-1/2"]
[BlackTitle "FM"]
[WhiteElo "2022"]
[BlackElo "2204"]
[WhiteTeam "Shanghai"]
[BlackTeam "Tianjing Chunhua"]
[WhiteFideId "8615330"]
[BlackFideId "8608342"]
[EventDate "2016.07.28"]

1. c4 e5 2. Nc3 Nf6 3. g3 Bb4 4. Bg2 O-O 5. Nf3 Nc6 6. O-O e4 7. Ng5 Bxc3 8.
bxc3 Re8 9. f3 e3 10. dxe3 Qe7 11. e4 Qc5+ 12. Kh1 h6 13. Nh3 Qxc4 14. Qd3 Ne5
15. Qxc4 Nxc4 16. Nf4 b6 17. Rd1 d6 18. Kg1 Bb7 19. Kf2 Re7 20. Nd5 Nxd5 21.
exd5 Rae8 22. e4 f5 23. Bf1 Na5 24. exf5 Re5 25. c4 Ba6 26. Bb2 Rxf5 27. Rac1
Rf7 28. Rd4 Bc8 29. Bc3 Nb7 30. Re1 Rxe1 31. Bxe1 Bf5 32. g4 Bb1 33. a3 Nc5 34.
Bb4 Nd7 35. Bd2 Nc5 36. Bb4 Nd7 37. Bd2 Nc5 38. Bb4 Nd7 1/2-1/2

[Event "CHN Team Men 2016"]
[Site "Wuxi CHN"]
[Date "2016.07.28"]
[Round "1.5"]
[Board "2"]
[White "Zhao, Chenxi"]
[Black "Xu, Yinglun"]
[Result "0-1"]
[WhiteElo "2052"]
[BlackElo "2522"]
[WhiteTeam "Shenzhen Qiyuan"]
[BlackTeam "Guangdong"]
[WhiteFideId "8611513"]
[BlackFideId "8604940"]
[EventDate "2016.07.28"]

1. d4 d5 2. c4 e6 3. Nc3 Be7 4. Nf3 Nf6 5. Bg5 h6 6. Bh4 O-O 7. e3 b6 8. Rc1 Bb7
9. cxd5 exd5 10. Bd3 Nbd7 11. O-O c5 12. Bb1 Rc8 13. Bf5 g6 14. Bxf6 Bxf6 15.
Bh3 Ra8 16. Bxd7 cxd4 17. Bc6 Bxc6 18. Nxd4 Bb7 19. Qa4 Qe7 20. Qb5 Qd6 21. Rfd1
Rfd8 22. Rc2 Rac8 23. Rcd2 Be5 24. h3 Qc5 25. Qa4 a6 26. Qb3 b5 27. e4 Bf6 28.
exd5 Bxd5 29. Nxd5 Rxd5 30. Ne2 Rxd2 31. Rxd2 Kg7 32. g3 Rc7 33. Kg2 Qc6+ 34.
Qf3 Bg5 35. Qxc6 Rxc6 36. f4 Bf6 37. Kf3 h5 38. g4 hxg4+ 39. hxg4 Kf8 40. Ng3
Ke7 41. Ne4 Bg7 42. Re2 Kd7 43. f5 gxf5 44. gxf5 Rc1 45. Rd2+ Ke7 46. Re2 Rf1+
47. Kg4 Be5 48. Nc5 Rf4+ 49. Kh3 Kd6 50. Nxa6 Kd5 51. Nc5 Rxf5 52. Nb3 Rf1 53.
Rc2 Kd6 54. Rd2+ Kc6 55. Nd4+ Kc5 56. Ne2 Rf2 57. Kg4 Kb6 58. a3 f5+ 59. Kh4 f4
60. Kg4 f3 61. Rd5 Rxe2 0-1

[Event "CHN Team Men 2016"]
[Site "Wuxi CHN"]
[Date "2016.07.28"]
[Round "1.5"]
[Board "3"]
[White "Li, Shilong"]
[Black "Yang, Yuhang"]
[Result "1-0"]
[WhiteTitle "GM"]
[WhiteElo "2512"]
[BlackElo "1834"]
[WhiteTeam "Guangdong"]
[BlackTeam "Shenzhen Qiyuan"]
[WhiteFideId "8600678"]
[BlackFideId "8611530"]
[EventDate "2016.07.28"]

1. d4 Nf6 2. c4 g6 3. g3 Bg7 4. Bg2 O-O 5. Nc3 d6 6. Nf3 c6 7. O-O Qc7 8. e4 e5
9. h3 Nbd7 10. Be3 Rd8 11. Qe2 Nf8 12. Rfd1 exd4 13. Nxd4 Ne6 14. Nb3 b6 15. Nd4
Nxd4 16. Bxd4 Ba6 17. b3 Re8 18. Qb2 Rad8 19. a4 Nh5 20. a5 Bb7 21. axb6 axb6
22. Bxg7 Nxg7 23. Qd2 Ne6 24. Ra7 Qb8 25. Rda1 Nc7 26. Qd4 Ba8 27. h4 Rd7 28.
Bh3 Rdd8 29. Qf6 Bb7 30. h5 Rf8 31. h6 Ne8 32. Qe7 Nc7 33. Bd7 Ne8 34. Bxe8 1-0

[Event "CHN Team Men 2016"]
[Site "Wuxi CHN"]
[Date "2016.07.28"]
[Round "1.5"]
[Board "4"]
[White "Zuo, Yifan"]
[Black "Liu, Chang"]
[Result "1/2-1/2"]
[WhiteTitle "CM"]
[WhiteElo "1823"]
[BlackElo "2361"]
[WhiteTeam "Shenzhen Qiyuan"]
[BlackTeam "Guangdong"]
[WhiteFideId "8614610"]
[BlackFideId "8606340"]
[EventDate "2016.07.28"]

1. d4 Nf6 2. Nf3 g6 3. g3 Bg7 4. Bg2 O-O 5. O-O d6 6. c4 c6 7. b3 Nbd7 8. Bb2
Re8 9. Nc3 e5 10. e4 Qc7 11. Re1 a5 12. Qd2 exd4 13. Nxd4 Nc5 14. Rad1 Bd7 15.
h3 Rad8 16. f4 Bc8 17. Kh2 Qb6 18. Qc2 Nfd7 19. Nf3 Qc7 20. Rd2 Nf6 21. Nd4 Qb6
22. Red1 Na6 23. Nf3 Qc7 24. Nd4 Qb6 25. Nf3 Qc7 26. Nd4 1/2-1/2

[Event "CHN Team Men 2016"]
[Site "Wuxi CHN"]
[Date "2016.07.28"]
[Round "1.6"]
[Board "1"]
[White "Zhang, Fuhan"]
[Black "Wang, Yiye"]
[Result "1/2-1/2"]
[BlackTitle "IM"]
[WhiteElo "1911"]
[BlackElo "2450"]
[WhiteTeam "Shanxi Huxiaoling"]
[BlackTeam "Heilongjiang Qipai"]
[WhiteFideId "8616493"]
[BlackFideId "8606021"]
[EventDate "2016.07.28"]

1. e4 e6 2. d4 d5 3. Nd2 Nf6 4. e5 Nfd7 5. f4 c5 6. Ngf3 Nc6 7. Nb3 c4 8. Nbd2
Qa5 9. c3 b5 10. Be2 Nb6 11. b4 cxb3 12. Nxb3 Qa4 13. Nc5 Bxc5 14. Qxa4 bxa4 15.
Bb5 Bd7 16. dxc5 Na5 17. Nd4 a6 18. cxb6 axb5 19. Rb1 Nc4 20. Nxb5 Bxb5 21. Rxb5
Kd7 22. b7 Rab8 23. Ke2 Kc6 24. Rb4 Rxb7 25. Rxb7 Kxb7 26. Be3 Na3 27. Bc5 Nb5
28. Rb1 Kc6 29. Bd4 h5 30. Rb4 Ra8 31. h4 Na3 32. Rb6+ Kc7 33. g3 Nc4 34. Rb4
Kc6 35. Kd3 Ra5 36. Ke2 Kc7 37. Kd3 Ra6 38. Rb5 Ra8 39. Rc5+ Kd7 40. Rb5 Kc6 41.
Rc5+ Kd7 42. Rb5 Kc6 1/2-1/2

[Event "CHN Team Men 2016"]
[Site "Wuxi CHN"]
[Date "2016.07.28"]
[Round "1.6"]
[Board "2"]
[White "Bao, Qilin"]
[Black "Wu, Hao"]
[Result "0-1"]
[WhiteElo "2305"]
[BlackElo "1600"]
[WhiteTeam "Heilongjiang Qipai"]
[BlackTeam "Shanxi Huxiaoling"]
[WhiteFideId "8605750"]
[BlackFideId "8616450"]
[EventDate "2016.07.28"]

1. d4 d5 2. Nf3 Nf6 3. c4 c6 4. e3 e6 5. Bd3 dxc4 6. Bxc4 b5 7. Be2 Bb7 8. O-O
a6 9. a4 Nbd7 10. Nbd2 Bd6 11. Nb3 O-O 12. Bd2 Ne4 13. Ba5 Qe7 14. Qc2 f5 15.
Bd3 Nef6 16. Bb6 Nd5 17. Bc5 Bxc5 18. Nxc5 Nxc5 19. Qxc5 Qxc5 20. dxc5 Rfd8 21.
Bb1 h6 22. e4 Nf4 23. g3 Ne2+ 24. Kg2 Bc8 25. Re1 Nd4 26. Rd1 e5 27. Nxe5 Be6
28. Ra3 fxe4 29. axb5 Nxb5 30. Rxd8+ Rxd8 31. Nxc6 Re8 32. Re3 Bd7 33. Na5 Bf5
34. Nc4 Rc8 35. b4 Be6 36. Nb6 Re8 37. Bxe4 Nd4 38. Bd3 Kf8 39. Bxa6 Nc2 40. Rd3
Kg8 41. b5 Ne1+ 42. Kf1 Bh3+ 0-1

[Event "CHN Team Men 2016"]
[Site "Wuxi CHN"]
[Date "2016.07.28"]
[Round "1.6"]
[Board "3"]
[White "Lu, Kaiyan"]
[Black "Wu, Xibin"]
[Result "0-1"]
[BlackTitle "IM"]
[WhiteElo "1511"]
[BlackElo "2257"]
[WhiteTeam "Shanxi Huxiaoling"]
[BlackTeam "Heilongjiang Qipai"]
[WhiteFideId "8610495"]
[BlackFideId "8600309"]
[EventDate "2016.07.28"]

1. e4 c5 2. Nf3 e6 3. d4 cxd4 4. Nxd4 Nc6 5. Nb5 d6 6. c4 Nf6 7. N1c3 a6 8. Na3
Be7 9. Be2 b6 10. O-O Bb7 11. Be3 Ne5 12. f3 O-O 13. Rc1 Rc8 14. Qd2 Qc7 15.
Rfd1 Rfe8 16. Bf1 Ned7 17. Nc2 Qb8 18. Nd4 Bd8 19. Kh1 Bc7 20. Bg1 d5 21. cxd5
Bf4 22. Be3 Bxe3 23. Qxe3 exd5 24. Bd3 Nc5 25. Nf5 dxe4 26. Bc4 Ne6 27. Bxe6
Rxe6 28. fxe4 Ng4 29. Qg3 Qxg3 30. Nxg3 Nf2+ 31. Kg1 Nxd1 32. Rxd1 g6 33. Kf2
Kf8 34. Rd4 Ke7 35. Nge2 Rd6 36. Ke3 Rxd4 37. Kxd4 Rd8+ 38. Ke3 Kd6 39. Nd4 Re8
40. Kd3 Bc6 41. Nf3 f6 42. Kd4 a5 43. a4 g5 44. h4 g4 45. Nh2 h5 46. Nf1 f5 47.
exf5 Bxg2 48. Ne3 Bf3 49. Nc4+ Ke7 50. Ke3 Kf6+ 51. Kf4 Rd8 52. Nxb6 Rd6 53. Nc8
Rc6 54. Na7 Rc4+ 55. Kg3 Kxf5 56. Nab5 Ke5 57. Na3 Rd4 58. Nc2 Rd2 59. Ne3 Bd5 0-1

[Event "CHN Team Men 2016"]
[Site "Wuxi CHN"]
[Date "2016.07.28"]
[Round "1.7"]
[Board "2"]
[White "Yang, Bokai"]
[Black "Wang, Rui"]
[Result "0-1"]
[BlackTitle "GM"]
[WhiteElo "1583"]
[BlackElo "2386"]
[WhiteTeam "Shaanxi"]
[BlackTeam "Hebei Ticai"]
[WhiteFideId "8616469"]
[BlackFideId "8601003"]
[EventDate "2016.07.28"]

1. e4 e6 2. d4 d5 3. Nc3 Bb4 4. e5 c5 5. a3 Bxc3+ 6. bxc3 Qc7 7. Nf3 Ne7 8. Bd3
b6 9. O-O Ba6 10. Bxa6 Nxa6 11. Qe2 Qb7 12. a4 O-O 13. Ba3 Rfc8 14. Rab1 Rab8
15. Nh4 Rc7 16. f4 Qc8 17. Rf2 Ng6 18. Nxg6 fxg6 19. c4 dxc4 20. dxc5 Nxc5 21.
Qxc4 Nb7 22. Qa2 Rc4 23. Rb4 Na5 24. Rxc4 Qxc4 25. Qxc4 Nxc4 26. Be7 Rb7 27. Bd6
Nb2 28. a5 bxa5 29. Rf3 h6 30. Kf2 Rb6 31. Ra3 Nc4 32. Ra4 Rc6 33. Kf3 Kf7 34.
Ke4 a6 35. Kd4 Nxd6 36. exd6 Rxc2 37. Rxa5 Rd2+ 38. Ke4 Rxd6 39. Ra2 Ke7 0-1

[Event "CHN Team Men 2016"]
[Site "Wuxi CHN"]
[Date "2016.07.29"]
[Round "2.1"]
[Board "2"]
[White "Zhao, Jun"]
[Black "Xu, Yinglun"]
[Result "1/2-1/2"]
[WhiteTitle "GM"]
[WhiteElo "2622"]
[BlackElo "2522"]
[WhiteTeam "Shandong"]
[BlackTeam "Guangdong"]
[WhiteFideId "8602522"]
[BlackFideId "8604940"]
[EventDate "2016.07.28"]

1. e4 c5 2. Nf3 d6 3. Bb5+ Bd7 4. Bxd7+ Qxd7 5. c4 Nf6 6. Nc3 g6 7. d4 cxd4 8.
Nxd4 Bg7 9. h3 Qc7 10. b3 Nc6 11. Bb2 Qb6 12. Nxc6 bxc6 13. O-O O-O 14. Qe2 Nd7
15. Na4 Qb4 16. Rfd1 Nc5 17. Bxg7 Kxg7 18. Nb2 f6 19. Qe3 a5 20. Nd3 Nxd3 21.
Rxd3 a4 22. a3 Qc5 23. Qxc5 dxc5 24. bxa4 Rxa4 25. Rc1 Rb8 26. g3 Kf7 27. Kg2
Rb2 28. Rcc3 Ra2 29. Kf3 Ke6 30. h4 h5 31. Ke3 Ra1 32. Kf4 Ra2 33. Ke3 Ra1 1/2-1/2

[Event "CHN Team Men 2016"]
[Site "Wuxi CHN"]
[Date "2016.07.29"]
[Round "2.1"]
[Board "3"]
[White "Li, Shilong"]
[Black "Wen, Yang"]
[Result "1-0"]
[WhiteTitle "GM"]
[BlackTitle "GM"]
[WhiteElo "2512"]
[BlackElo "2611"]
[WhiteTeam "Guangdong"]
[BlackTeam "Shandong"]
[WhiteFideId "8600678"]
[BlackFideId "8602956"]
[EventDate "2016.07.28"]

1. d4 d5 2. c4 e6 3. Nf3 c6 4. g3 f5 5. Bg2 Nf6 6. O-O Bd6 7. b3 Qe7 8. Ne5 O-O
9. Bb2 b6 10. cxd5 cxd5 11. Nc4 Rf7 12. Nxd6 Qxd6 13. Nc3 Ba6 14. a4 Nc6 15. Nb5
Qd8 16. Ba3 Rd7 17. Qd3 Rc8 18. Rad1 h6 19. f3 Qe8 20. g4 fxg4 21. fxg4 e5 22.
dxe5 Nxe5 23. Qg3 Bxb5 24. axb5 Rc2 25. g5 hxg5 26. Qxg5 Neg4 27. Bxd5+ Rxd5 28.
Rxd5 Qe7 1-0

[Event "CHN Team Men 2016"]
[Site "Wuxi CHN"]
[Date "2016.07.29"]
[Round "2.1"]
[Board "4"]
[White "Liu, Qingnan"]
[Black "Liu, Chang"]
[Result "1/2-1/2"]
[WhiteTitle "GM"]
[WhiteElo "2507"]
[BlackElo "2361"]
[WhiteTeam "Shandong"]
[BlackTeam "Guangdong"]
[WhiteFideId "8603294"]
[BlackFideId "8606340"]
[EventDate "2016.07.28"]

1. e4 c6 2. d4 d5 3. e5 Bf5 4. Nd2 e6 5. Nb3 Nd7 6. Nf3 h6 7. Be2 Ne7 8. O-O Qc7
9. h3 g5 10. Nh2 O-O-O 11. a4 f6 12. exf6 Ng6 13. Ng4 Bd6 14. Re1 Rdf8 15. Bd3
Nxf6 16. Bxf5 exf5 17. Nxf6 Rxf6 18. Nc5 Qf7 19. Qh5 Ne5 20. Qxf7 Nxf7 21. Bd2
Nd8 22. Bc3 Rg8 23. a5 a6 24. b4 Bxc5 25. dxc5 Re6 26. Rxe6 Nxe6 27. Re1 Kd7 28.
Re5 Rf8 29. g3 Rf7 30. Kf1 Nf8 31. Re1 Ng6 32. Bd4 Re7 33. Rd1 Ke8 34. f3 Kf7
35. Kf2 f4 36. g4 Ne5 37. Rh1 Ng6 38. Rb1 Ne5 1/2-1/2

[Event "CHN Team Men 2016"]
[Site "Wuxi CHN"]
[Date "2016.07.29"]
[Round "2.2"]
[Board "2"]
[White "Xu, Jun"]
[Black "Bao, Qilin"]
[Result "1-0"]
[WhiteTitle "GM"]
[WhiteElo "2534"]
[BlackElo "2305"]
[WhiteTeam "Jiangsu Lvyang"]
[BlackTeam "Heilongjiang Qipai"]
[WhiteFideId "8600031"]
[BlackFideId "8605750"]
[EventDate "2016.07.28"]

1. d4 Nf6 2. c4 e6 3. g3 d5 4. Bg2 c5 5. cxd5 exd5 6. Nf3 Nc6 7. O-O Be7 8. Nc3
O-O 9. dxc5 Bxc5 10. Na4 Bb6 11. Nxb6 Qxb6 12. b3 d4 13. e3 Bg4 14. exd4 Bxf3
15. Qxf3 Qxd4 16. Bg5 Rad8 17. Rac1 Rd6 18. Be3 Qb2 19. Bc5 Nd4 20. Qxb7 Ne2+
21. Kh1 Rd7 22. Bxf8 Rxb7 23. Rc8 1-0

[Event "CHN Team Men 2016"]
[Site "Wuxi CHN"]
[Date "2016.07.29"]
[Round "2.2"]
[Board "3"]
[White "Wu, Xibin"]
[Black "Lin, Chen"]
[Result "0-1"]
[WhiteTitle "IM"]
[BlackTitle "GM"]
[WhiteElo "2257"]
[BlackElo "2519"]
[WhiteTeam "Heilongjiang Qipai"]
[BlackTeam "Jiangsu Lvyang"]
[WhiteFideId "8600309"]
[BlackFideId "8602298"]
[EventDate "2016.07.28"]

1. c4 c6 2. Nf3 d5 3. e3 Nf6 4. Nc3 a6 5. b3 Bg4 6. Be2 e6 7. O-O Bd6 8. h3 Bxf3
9. Bxf3 O-O 10. Bb2 Nbd7 11. d4 Qe7 12. a3 Rfd8 13. Qc2 Rac8 14. Rfd1 Bb8 15. g3
Ne8 16. Bg2 Nd6 17. Qe2 f5 18. a4 Nf6 19. Ba3 Qf7 20. Bxd6 Bxd6 21. c5 Bc7 22.
f4 a5 23. Rab1 b6 24. cxb6 Bxb6 25. b4 Qa7 26. Qb2 Rb8 27. b5 c5 28. Ne2 Rbc8
29. Rdc1 Rd7 30. dxc5 Bxc5 31. Kh2 Qb8 32. Qe5 Rd6 33. Qc3 Rdd8 34. Qxa5 Bxe3
35. Rxc8 Rxc8 36. b6 Rc2 37. Qa6 Rc4 38. a5 h5 39. Qb5 h4 40. Kh1 Rc8 41. Qb4
Kh7 42. b7 Rc4 0-1